Central Library OPAC University of Rajshahi

Justice Shah Din, his life and writings / (Record no. 24258)

MARC details
000 -LEADER
fixed length control field 00803cam a22002771 4500
001 - CONTROL NUMBER
control field 24258
003 - CONTROL NUMBER IDENTIFIER
rucl marc code BD-RjUL
005 - DATE AND TIME OF LATEST TRANSACTION
control field 20211209001028.0
008 - FIXED-LENGTH DATA ELEMENTS--GENERAL INFORMATION
fixed length control field 140312s1962 ii 000 0 eng
035 ## - SYSTEM CONTROL NUMBER
System control number (BD-RjUL)24324
System control number (BD-RjUL)24324
040 ## - CATALOGING SOURCE
Original cataloging agency DLC
Transcribing agency FTaSU
Modifying agency FTaSU
-- BD-RjUL
Language of cataloging eng
041 0# - LANGUAGE CODE
Language code of text/sound track or separate title engurd
082 ## - DEWEY DECIMAL CLASSIFICATION NUMBER
Classification number 923.4
Author mark and year AHJ 1962
100 1# - MAIN ENTRY--PERSONAL NAME
Personal name Ahmad, Bashir,
Dates associated with a name 1893-
9 (RLIN) 74713
245 10 - TITLE STATEMENT
Title Justice Shah Din, his life and writings /
Statement of responsibility, etc. Bashir Ahmad.
250 ## - EDITION STATEMENT
Edition statement 1st ed.
260 ## - PUBLICATION, DISTRIBUTION, ETC. (IMPRINT)
Place of publication, distribution, etc. Lahore ,
Date of publication, distribution, etc. 1962.
300 ## - PHYSICAL DESCRIPTION
Pagination 449 p. :
Illustrations illus. ;
Size 23 cm.
500 ## - GENERAL NOTE
General note Appendix 2 contains poems in Urdu by the author.
600 20 - SUBJECT ADDED ENTRY--PERSONAL NAME
Personal name Shah Din, Muhammad,
Dates associated with a name 1868-1918.
650 #0 - SUBJECT ADDED ENTRY--TOPICAL TERM
Topical term or geographic name as entry element Muslims
Geographic subdivision India.
9 (RLIN) 2363
942 ## - ADDED ENTRY ELEMENTS (KOHA)
Source of classification or shelving scheme Dewey Decimal Classification
Koha item type Books
Holdings
Lost status Source of classification or shelving scheme Damaged status Not for loan Collection code Permanent Location Current Location Shelving location Date acquired Source of acquisition Cost, normal purchase price Total Checkouts Full call number Date last seen Copy number Koha item type
  Dewey Decimal Classification   Added to bundle Non-fiction Central Library, University of Rajshahi Central Library, University of Rajshahi Reading Room 20/04/1968 Jonathan wren & co. 10.00   923.4 AHJ 1962 12/03/2014 C-1 Books